| 000 | 01073nam a2200277Ia 4500 | ||
|---|---|---|---|
| 003 | GCL | ||
| 008 | 140319s9999 xx 000 0 ara d | ||
| 020 | _a7311314977 | ||
| 040 |
_aGCL / _cGCL |
||
| 082 | 0 | 4 |
_a320.54095694 _bع ا |
| 100 | 1 | _aعادل علوبة | |
| 245 | 1 | 0 |
_aانهيار الصهيونية وافول نجمة اسرائيل / _cعادل علوبة |
| 260 |
_aالقاهرة : _bنهضة مصر للطباعة والنشر والتوزيع ، _c2005 |
||
| 300 |
_a120 ص ؛ _c16 سم |
||
| 650 | 0 | 4 | _aالنزاع العربى الاسرائيلى |
| 650 | 0 | 4 | _aاليهودية |
| 650 | 0 | 4 | _aالصهيونية |
| 650 | 0 | 4 | _aالحضارة الاسلامية |
| 650 | 0 | 4 | _aالمسيحية واليهودية |
| 650 | 0 | 4 | _aالحضارة الرومانية |
| 650 | 0 | 4 | _aوعد بلفور |
| 650 | 0 | 4 | _aمصر - اتفاقيات كامب ديفيد |
| 650 | 0 | 4 | _aفلسطين - تاريخ - العصر الحديث |
| 650 | 0 | 4 | _aفلسطين - تاريخ - العصر الحديث - الاحتلال الصهيونى |
| 942 |
_2ddc _cBK |
||
| 999 |
_c8702 _d8702 |
||